00602 2200229 4500001002100000005001700021008004100038020001800079035002400097040001200121082001000133090002100143100001800164245006400182250001100246260003100257300002500288650000900313850001200322990001900334990001900353YOGYA-0611000000008320110609081628.0 ind  a979 523 996-1 0010-061100000000083 aYOPDYOG a612.3 aSEL 612.3bAst A aASTAWAN, Made aA - Z Ensiklopedia gizi pangan untuk keluargacMade Astawan aCet. 1 aJakartabDian Rakyatc2009 a115 hlmbilusc23 cm aGizi aYOPDYOG a170 - Sel/B.11 a169 - Sel/B.11